00402nam a2200157Ia 4500003000400000005001700004008004100021020001800062040000900080082001800089100001700107245005500124260003700179300000900216650001900225OSt20200727102300.0190216s9999||||xx |||||||||||||| ||und|| a9788120316287 coclc a512.55bKUM/L aKumaresan, S 0aLinear Algebra A Geometric Approach /cS Kumaresan bPhi Learning,c2011.aNew Delhi: a218p aLinear Algebra